000 00469pab a2200169 454500
008 180718b1999 xxu||||| |||| 00| 0 eng d
100 _aGupta, Narayani
245 _aThe pleasure of the past conservation in Delhi
260 _c1999
300 _ap.43-47
362 _aOct-Dec
650 _aHistoric monuments - India - Delhi
650 _aPreservation of monuments - India - Delhi
650 _aPreservation of monuments
773 _aNagarlok
909 _a44103
999 _c44103
_d44103